000 00820nas a2200289 4500
001 BR2013005426
003 BR-BrBNA
005 20231205122617.0
007 ta
008 230509b bl.|||p| |||| 00| 00por d
040 _aBR-BrBNA
_bpor
_cBiblioteca Nacional de Agricultura
041 _a(Pt)
072 _aM12
100 1 _aGonçalves, A.A.
245 1 _aUtilização de siri mole: uma oportunidade
650 _aCRUSTÁCEO
650 _aSIRI
650 _aSISTEMA DE CULTIVO
650 _aMERCADO
650 _aPROCESSAMENTO
650 _aPESQUISA DE MERCADO
650 _aVALOR NUTRITIVO
650 _aCONSUMO
773 0 _tRevista Aquicultura e Pesca (Brazil)
_xISSN 1807-9741
_g(Mar-Apr 2008), v. 3(32) p. 36-42
_wBR2013005426
909 _a202311
_bLúcia
_c55
_dLúcia Elande
942 _2AGRIS
_n0
_cANA
999 _c229569
_d229569